000 01155nam a2200313 a 4500
001 BRCA_6116
005 20190320205336.0
008 300611s1970----enka######---#000-0#eng-#
020 _a67013407
041 _aeng
044 _aenk
050 4 _aN5208.5
_b.A78 5 1970
245 1 0 _aArt at Auction
_bThe Year at Sotheby´s & Parke-Bernet, 1968-69 : The Two Hundred and Twenty-fifth Season
_cedited by Philip Wilson ; assisted by Annamaria Macdonald.
260 _aGran Bretaña
_bThe Viking
_c1970
300 _a496 p.
_bil. (algunas a color)
_c28 cm.
500 _aIncluye índice alfabético
500 _aCatálogo de subasta inventariado por Banco de México como libro
500 _aVer también C183 e Y142 (1966/67), Y109 (1967/68) y C190 (1971/72)
500 _a3162
650 1 4 _aSubastas
_xColeccionistas y colecciones
_910730
650 1 4 _aArte
_xColeccionistas y colecciones
_97445
650 1 4 _aArte
_xPrecios
_910347
700 1 _aWilson, Philip
_eEditor
_915445
700 1 _aMacdonald, Annamaria
_915446
710 2 _aSotheby´s (Londres)
_910734
710 2 _aParke-Bernet (Nueva York)
_910735
902 _aGFM
942 _2lcc
_cB
999 _c5803
_d5803